000 00262nam a2200109Ia 4500
008 200302s9999 xx 000 0 und d
100 _aWalfgang Pehnt
245 _aExpressionist Architecture
260 _bThames and Hudson Ltd.
260 _c1920
300 _a231 P.,
999 _c351
_d351